000 00398nam a2200181Ia 4500
001 1206
005 20260306140615.0
008 260306t2012||||xx |||||||||||||| ||spa||
041 _aESP
082 _a189.2
_bB61
100 _aBlázquez, Niceto
_eAUT
245 0 _aFilosofía de San Agustín
260 _c2012
300 _a
_c
650 _aGEN
654 _aCHU
942 _cLIB
_dJUS
_fJUS
_2ddc
_n
999 _c1206
_d1206